Statistics for Random Knowledge Quiz

Click here to take the quiz!

General Stats

  • This quiz has been taken 17 times
  • The average score is 5 of 13

Answer Stats

HintAnswer% Correct
Which English monarch reigned the longest?Queen Elizabeth II
93%
Which famous scientist inspired the Atomic Bomb?Albert Einstein
71%
Where were French Fries invented?Belgium
57%
Which country has the most islands with 1,000,000+ people?Indonesia
50%
Name a subatomic particle.Electron / Proton / Neutron
36%
What is the chemical symbol for Glucose?C6H12O6
29%
What sequence goes 1,1,2,3,5,8,13...?Fibonacci Sequence
29%
Who was the 19th President of the United States?Rutherford B. Hayes
29%
What solution fills a cell?Cytoplasm
21%
What was the first YouTube channel to achieve 100,000,000 subscribers?T-Series
21%
What is the 29th element on the periodic table?Copper
14%
What is the first stage of Mitosis?Prophase
14%
What band made a song following the above sequence?Tool
7%

Score Distribution

Percentile by Number Answered

Percent of People with Each Score

Your Score History

You have not taken this quiz